000 00585nam a22001817a 4500
003 OSt
005 20251121111656.0
008 251121b |||||||| |||| 00| 0 eng d
020 _a971-815-010-2
040 _aDWCL-Admin lib
_cOC
082 _aFil. 370 L698 2008
110 _aNeo Asia Publishing Inc.
245 _a Licensure examination for teachers LET : a reviewer /
_cNeo Asia Publishing Inc.
260 _aQuezon City :
_bNeo Asia Pub. Inc. ,
_cc2008
300 _a 456 p. : il. ;
_c26 cm.
650 _a1. Education-Examinations,questions,etc.
942 _2ddc
_cBK - FIL
_kFil.
_n0
999 _c5982
_d5982